Technical Computing Prague 2007 : 15th Annual Conference Proceedings. Prague, Czech Republic, 14.11.2007

Na minha lista:
Detalhes bibliográficos
Formato: Livro
Idioma:idiomas múltiplos
Publicado em: Praha : Humusoft s.r.o, 2007
Tags: Adicionar Tag
Sem tags, seja o primeiro a adicionar uma tag!

MARC

LEADER 00000nam a22000003a 4500
001 stu151144
005 20150408182444.4
008 071126s2007----xr------------------mul-d
020 |a 978-80-7080-658-6 
040 |a STU  |b slo 
041 0 |a mul 
044 |a xr 
245 |a Technical Computing Prague 2007 :  |b 15th Annual Conference Proceedings. Prague, Czech Republic, 14.11.2007 
260 |a Praha :  |b Humusoft s.r.o,  |c 2007 
300 |a 142 s 
996 |b IZ463  |c I*Z463  |l II680  |s A  |a 24  |w stu151144_0001